<?xml version="1.0" encoding="UTF-8"?>
<marc:record xmlns:marc="http://www.loc.gov/MARC21/slim">
   <marc:leader>00000nam a2200000 a 4500</marc:leader>
   <marc:datafield ind1="1" ind2=" " tag="100">
      <marc:subfield code="a">Cook, Glen</marc:subfield>
      <marc:subfield code="4">aut</marc:subfield>
      <marc:subfield code="e">Verfasser/-in</marc:subfield>
   </marc:datafield>
   <marc:datafield ind1="0" ind2="0" tag="245">
      <marc:subfield code="a">The Black Company</marc:subfield>
   </marc:datafield>
   <marc:datafield ind1="0" ind2="0" tag="245">
      <marc:subfield code="b">Seelenfänger</marc:subfield>
   </marc:datafield>
   <marc:datafield ind1=" " ind2="1" tag="264">
      <marc:subfield code="b">Mantikore</marc:subfield>
      <marc:subfield code="c">2015</marc:subfield>
   </marc:datafield>
   <marc:datafield ind1="1" ind2=" " tag="490">
      <marc:subfield code="a">Die Schwarze Kompanie</marc:subfield>
   </marc:datafield>
   <marc:datafield ind1="1" ind2=" " tag="520">
      <marc:subfield code="a">Seit Jahrhunderten gehören die Söldner der Schwarzen Kompanie zu den Besten ihres Handwerks. Sie stellen keine Fragen und sind ihrem Auftraggeber treu ergeben. Mögliche Zweifel begraben sie zusammen mit den Toten, die sie hinterlassen. An Arbeit mangelt es nicht, denn es sind düstere, kriegerische Zeiten.  Als die finstere Lady nach Jahrhunderten aus ihrem Schlaf erwacht, droht die Welt endgültig im Chaos zu versinken. Allein die Bruderschaft der Weißen Rose will sich ihr entgegenstellen, einer Prophezeiung folgend, die das Ende der finsteren Mächte vorhersagt. Doch wem wird die Schwarze Kompanie die Treue schwören?  Glen Cooks Fantasy Bestseller in neuer Übersetzung!</marc:subfield>
   </marc:datafield>
   <marc:datafield ind1=" " ind2=" " tag="020">
      <marc:subfield code="a">9783945493281</marc:subfield>
      <marc:subfield code="9">9783945493281</marc:subfield>
   </marc:datafield>
</marc:record>
